| 000 | 01265nam a2200289 4500 | ||
|---|---|---|---|
| 001 | 0000015320 | ||
| 003 | CO-CtgCURN | ||
| 005 | 20250331185248.0 | ||
| 007 | ta | ||
| 008 | 160627s1977 000 0 eng d | ||
| 020 | _a9682410010 | ||
| 040 |
_aCO-CtgCURN _bspa _ccoctgcurn |
||
| 082 | 0 |
_a658 _bSe917 |
|
| 100 | 1 | _aSexton, William P. | |
| 245 | 1 | 0 |
_aTeorias de la organizacion / _cWilliam P. Sexton. |
| 260 |
_aMexico : _bTrillas (reimp. 2005), _c1977. |
||
| 300 | _a494 p. | ||
| 336 | _2rdacontent | ||
| 337 |
_2rdamedia _asin mediacion _bn |
||
| 338 |
_2rdacarrier _avolumen _bnc |
||
| 500 | _aTitulo original: Organizationïs theories. | ||
| 505 | 8 | _aDivision del trabajo.--Coordinacion y control.--Estructura de la organizacion.--El proceso funcional.--El hombre y las instituciones.--La jerarquia y el papel.--Liderazgo.--Conceptos de motivacion.--Fenomenos de cambio.--Salud de la organizacion.--investigación de operaciones.--Forma de organizacion.--La comunicación.--Adaptacion y organizacion baadas en el grupo.--La cuestion de la reciprocidad.--El conflicto en la organizacion | |
| 650 | 1 | 4 | _aOrganizacion. |
| 908 | _a160627 | ||
| 942 |
_cBK _h658 _iSe917 _2ddc |
||
| 999 |
_c24538 _d24538 |
||